Città della Regione Pokémon di Sinnoh nella Mappa - Statistics

Statistiche generali
  • Questo quiz è stato fatto 322 volte
    320 dall'ultimo reset
  • Il punteggio medio è 13 su 18
Risposte nella Mappa
Le risposte nella mappa del quiz sottostante sono codificate secondo una scala di colori dal rosso al verde in base alla % di persone che hanno risposto correttamente.
 
Statistiche sulle risposte
Risposta % Corretto
Sabbiafine
84%
Lega Pokémon
81%
Nevepoli
81%
Giubilopoli
79%
Canalipoli
77%
Duefoglie
76%
Pratopoli
76%
Arenipoli
75%
Memoride
74%
Area Svago
70%
Cuoripoli
70%
Giardinfiorito
70%
Mineropoli
69%
Evopoli
68%
Flemminia
67%
Rupepoli
65%
Area Provviste
54%
Area Sfida
52%
Nessun quiz corrispondente trovato
Distribuzione punteggi
Percentuale di utenti per punteggio
Percentile per numero di risposta
I tuoi punteggi nel tempo
Non hai fatto questo quiz dall'ultimo reset